Geografía humana: procesos, riesgos e incertidumbres en un mundo globalizado

Đã lưu trong:
Chi tiết về thư mục
Tác giả chính: Romero González, Juan (Tác giả)
Định dạng: Sách
Ngôn ngữ:Tiếng Tây Ban Nha
Được phát hành: Barcelona Ariel 2007
Phiên bản:2a. ed
Những chủ đề:
Các nhãn: Thêm thẻ
Không có thẻ, Là người đầu tiên thẻ bản ghi này!

MARC

LEADER 00000cam a2200000 a 4500
001 UCG9493
003 CL-VaPUC
008 120316e20070900SP |||||||||||||||||spa|d
020 |a 9788434434820 
082 0 4 |a 304.2  |b ROM  |2 21 
100 0 |a Romero González, Juan  |e author  |9 561078 
245 1 0 |a Geografía humana: procesos, riesgos e incertidumbres en un mundo globalizado 
250 |a 2a. ed 
300 |a 476 p 
942 |c BK 
945 |d 20120316 00:00:00  |a dcastane 
260 |a Barcelona  |b Ariel  |c 2007 
650 0 |a Geografía humana  |9 267193 
583 |a last modification  |c 20130311 10:48:43  |k Rodrigo Vera 
999 |c 347044  |d 347042 
952 |0 0  |1 0  |4 0  |6 304_200000000000000_ROM_2007  |7 0  |8 A  |9 448120  |a BIBING  |b BIBING  |d 2019-11-22  |i 495467K  |o 304.2 ROM 2007  |p 495467K  |r 2025-01-20  |w 2019-11-22  |y BK  |k GEO